| 000 | 00804nam a22002055i 4500 | ||
|---|---|---|---|
| 001 | 154283 | ||
| 003 | ES-MaACL | ||
| 005 | 20250724063419.0 | ||
| 008 | 950614s1781 it a |||| | lat d | ||
| 040 |
_aAN _bspa _cCCPB | SIC |
||
| 100 | 1 |
_aGenovesi, Antonio, _d1713-1769 _956347 |
|
| 245 | 1 | 0 |
_aElementa physicae experimentalis _b: usui Tironum aptatae / _cauctore Antonio Genuensi ; tomus secundus accedunt nonnullae Dissetationes phisico-mathematicae conscriptae a Nicolao Fergola. |
| 260 |
_aVenetiis : _bapud Thomam Bettinelli, _c1781. |
||
| 300 |
_a192 p., [1] h. de grab. ; _c8º. |
||
| 597 | _aSign. : A-M8. | ||
| 597 | _aPort. con viñeta xil. | ||
| 599 | _aLa h. de grab. calc. | ||
| 852 |
_aES-MaACL _jR-404(2) _z-- Enc. perg. _x-- Olim: G-283 |
||
| 999 |
_c154283 _d154283 |
||